Invitation to social research (Record no. 220780)

MARC details
000 -LEADER
fixed length control field 00705nam a2200229Ia 4500
008 - FIXED-LENGTH DATA ELEMENTS--GENERAL INFORMATION
fixed length control field 191130s2006##################000#0#eng##
020 ## - INTERNATIONAL STANDARD BOOK NUMBER
ISBN 9788131506578
082 ## - DEWEY DECIMAL CLASSIFICATION NUMBER
Classification number 301.01 ADL
100 ## - MAIN ENTRY--AUTHOR NAME
Personal name Adler, Emily Stier
245 ## - TITLE STATEMENT
Title Invitation to social research
Statement of responsibility, etc Emily Stier Adler, Roger Clark
260 ## - PUBLICATION, DISTRIBUTION, ETC. (IMPRINT)
Place of publication Thousand Oaks, CA
Name of publisher SAGE Publications
Year of publication c2006
300 ## - PHYSICAL DESCRIPTION
Number of Pages xi, 179 p. ; 24 cm
500 ## - GENERAL NOTE
General note Includes bibliographical references (p. [167]-172) and index
650 ## - SUBJECT ADDED ENTRY--TOPICAL TERM
Topical Term Sociology - Methodology
Topical Term Sociology - Philosophy
700 ## - ADDED ENTRY--PERSONAL NAME
Personal name Clark, Roger
991 ## -
-- 226283
Holdings
Withdrawn status Lost status Damaged status Not for loan Home library Current library Shelving location Date acquired Full call number Accession Number Price effective from Koha item type
        Anna Centenary Library Anna Centenary Library 3RD FLOOR, B WING 13.10.2020 301.01 ADL 303827 13.10.2020 English Books

Find us on the map